English grammar drills [

Whether used as a textbook supplement in an ESL course or as a self-study text for learning and reviews, English Grammar Drills will simplify the complexities of this crucial are of your language studies. -- Back cover

Bibliographic Details
Main Author: Lester, Mark , 1958- (Author)
Format: Book
Language:English
Published: New York : McGraw-Hil , c2009
Subjects:
Online Access:NetLibrary

MARC

LEADER 00000cam a2200000 7i4500
001 0000071925
005 20220829093000.0
008 110328s2009 nyu eng
020 |a 0071598111 (alk. paper) 
020 |a 0071701907 (electronic bk.) 
020 |a 9780071598118 
020 |a 9780071701907 (electronic bk.) 
050 0 0 |a PE1128   |b .L4564 2009 
090 0 0 |a PE1128   |b .L4564 2009 
100 1 |a Lester, Mark ,   |d 1958- ,   |e author 
245 1 0 |a English grammar drills [  |h electronic resource]   |c Mark Lester 
260 |a New York :   |b McGraw-Hil ,   |c c2009 
300 |a 1 online resource (326 p.) 
500 |a Description based on print version record 
520 |a Whether used as a textbook supplement in an ESL course or as a self-study text for learning and reviews, English Grammar Drills will simplify the complexities of this crucial are of your language studies. -- Back cover 
650 0 |a English language   |v Textbooks for foreign speakers 
650 0 |a English language   |x Grammar   |v Problems, exercises, etc. 
856 4 0 |3 NetLibrary   |u http://www.netlibrary.com/urlapi.asp?action=summary&v=1&bookid=291245 
999 |a 1000138574   |b Electronic Resource   |c OPEN SHELF (30 DAYS)   |e Gong Badak Campus